000 00444nam a2200157Ia 4500
005 20250218143111.0
008 231217s9999 xx 000 0 und d
020 _a9788178815763
082 _a658.723 MEH;1 R
100 _aMehrotra, Nitin.
245 0 _aBusiness process outsourcing : the Indian experience
260 _c2005
_bIcfai
_aHyderabad
300 _axiv, 128
650 _aBusiness,process,outsourcing,experience
942 _cAA
999 _c186834
_d186834